000 01628cam a2200469 i 4500
001 9744
003 KOSZ 005
005 20250730122815.0
008 250730s1978 pl a f f 000 0 pol
015 _aPB 1978/10344
035 _a991018738919705066
035 _a(PL-WaBN)b15080079-48omnis_nlop
035 _ab15080079
035 _a(OCoLC)831035117
035 _a(PL)b0000001508007
035 _a(EXLNZ-48OMNIS_NETWORK)9910001337405606
040 _aWA N
_cWA N
_dKOSZ 005/HR
_dKOSZ 005/RW
046 _k1978
080 _a621.92
080 _a(075.8)
100 1 _aDmochowski, Jerzy
_d(1923-1994)
_eAutor
245 1 0 _aPodstawy obróbki skrawaniem :
_b[podręcznik dla studentów wyższych szkół technicznych] /
_cJerzy Dmochowski.
250 _aWydanie I.
260 _aWarszawa :
_bPaństwowe Wydawnictwo Naukowe,
_c1978.
300 _a585, [3] stron :
_bilustracje, tabele, wykresy ;
_c24 cm.
336 _aTekst
_btxt
_2rdacontent
337 _aBez urządzenia pośredniczącego
_bn
_2rdamedia
338 _aWolumin
_bnc
_2rdacarrier
380 _aKsiążki
380 _aPublikacje dydaktyczne
385 _mPoziom nauczania
_aSzkoły wyższe
388 1 _a1901-2000
388 1 _a1945-1989
504 _aBibliografia na stronach 579-[586].
650 7 _aSkrawanie
_2DBN
655 7 _aPodręczniki akademickie
_2DBN
658 _aInżynieria i technika
710 2 _aPaństwowe Wydawnictwo Naukowe
_4pbl
856 _uhttp://koha.tu.koszalin.pl/cgi-bin/koha/opac-detail.pl?biblionumber=9744
_yKatalog online BPK
942 _2UKD
_cKS
999 _c9744
_d9744